| 000 | 00348cam a2200145ua 4500 | ||
|---|---|---|---|
| 041 |
_aeng _h |
||
| 082 |
_a823.308 _bGOO/TI |
||
| 100 | _aGoolden, Barbara . | ||
| 245 |
_aTime to love / _cBarbara Goolden. _hTextual Documents |
||
| 260 |
_aLondon : _bHeinemann , _c1992. |
||
| 300 | _a183 ; . | ||
| 504 | _a | ||
| 942 | _cBK | ||
| 999 |
_c12222 _d12222 |
||